Quick Pick: Hall & Oates Songs Quiz Stats

 Plays Quiz Updated Sep 4, 2017

Score 0/16 Timer 01:30
0 Plays Today
% Correct
Say
92.4%
Back
91.6%
That
90.2%
Me
90%
Touch
89.6%
Minute
89.5%
Everytime
89.3%
Private
88.6%
% Correct
Modern
84.5%
Education
83.5%
Smile
82.6%
Dreams
81.8%
One
80.7%
List
79.8%
Rich
78.9%
Family
70.1%

Today's Daily Dose

Missing Word
Christopher Lee

You're not logged in!

Compare scores with friends on all Sporcle quizzes.
OR
Log In

Show Comments

Extras

Top Quizzes Today


Score Distribution

Your Account Isn't Verified!

In order to create a playlist on Sporcle, you need to verify the email address you used during registration. Go to your Sporcle Settings to finish the process.

Report this User

Report this user for behavior that violates our Community Guidelines.

Details: